Finančná matematika investičných projektov

Gespeichert in:
Bibliographische Detailangaben
1. Verfasser: Pinda, Ľudovít, 1958-
Körperschaft: Ekonomická univerzita v Bratislave
Weitere Verfasser: Majtánová, Anna, Dávid, Arnold
Format: Buch
Sprache:Slowakisch
Veröffentlicht: Bratislava Iura Edition 2010
Schriftenreihe:Ekonómia
Schlagworte:
Tags: Tag hinzufügen
Keine Tags, Fügen Sie das erste Tag hinzu!

MARC

LEADER 00000nam$a2200000$$$4500
001 0110831
005 20240502072227.3
020 |a 978-80-8078-319-8 
041 0 |a slo 
044 |a SK 
245 1 0 |a Finančná matematika investičných projektov  |c Ľudovít Pinda 
264 1 |a Bratislava  |b Iura Edition  |c 2010 
300 |a 138 s. [7 AH] 
490 1 |a Ekonómia 
830 0 |a Ekonómia 
610 2 0 |a matematika finančná 
610 2 0 |a projekty investičné 
610 2 0 |a financovanie projektové 
610 2 0 |a banky 
610 2 0 |a úrok 
610 2 0 |a volatilita 
610 2 0 |a portfólio 
610 2 0 |a aktíva 
610 2 0 |a ceny 
610 2 0 |a modely 
100 1 |a Pinda, Ľudovít, 1958- 
700 1 |a Majtánová, Anna 
700 1 |a Dávid, Arnold 
710 2 |a Ekonomická univerzita v Bratislave